| 000 | 00952nas a2200289 4500 | ||
|---|---|---|---|
| 001 | 1197 | ||
| 003 | ES-MaACL | ||
| 005 | 20250217134054.0 | ||
| 007 | t| | ||
| 008 | 950801d18791882sp z|ype | ||pa d | ||
| 022 | _a9954-4733 | ||
| 080 | _a460 | ||
| 080 | _a7/8 | ||
| 080 | _a05(46) | ||
| 245 | 0 | 3 |
_aLa Ilustración gallega y asturiana _b: revista decenal ilustrada / _c[dir. lit. Manuel Murguía ; dir. art. José Cuevas]. |
| 260 |
_aMadrid : _b[s.n.], _c1879-1882 ( _fImp. de A.J. Alaria) |
||
| 300 |
_av. : _bil, grab. ; _c40 cm. |
||
| 310 | _aDecenal | ||
| 362 | 0 | _aAño 1, n. 1 (15 jun. 1878)-año 1, n. 5 (1 sep. 1878) ; Año 2, (10 en. 1879)-año 3 (28 dic. 1881) | |
| 650 | 1 | 4 |
_aRevistas de información general. _916896 |
| 700 | 1 |
_aMurguía, Manuel. _984577 |
|
| 700 | 1 |
_aCuevas, José. _942098 |
|
| 780 | 0 | 0 | _aLa Ilustración de Galicia y Asturias |
| 852 |
_aES-MaACL _jC-2473-5 |
||
| 866 | 0 | _o1878-81 | |
| 999 |
_c1197 _d1197 |
||